[Event "Oberliga Ost-B 0910"]
[Site "Germany"]
[Date "2010.04.10"]
[Round "10.4"]
[White "Schlamp, Robert"]
[Black "Rasch, Holger"]
[Result "1-0"]
[WhiteElo "2337"]
[BlackElo "2282"]
[PlyCount "67"]
[EventDate "2009.10.18"]
[EventType "team-tourn"]
[EventRounds "11"]
[EventCountry "GER"]
[SourceTitle "EXT 2011"]
[Source "ChessBase"]
[SourceDate "2010.11.26"]
[SourceVersion "1"]
[SourceVersionDate "2010.11.26"]
[SourceQuality "1"]
[WhiteTeam "Oberursel"]
[BlackTeam "Steinbach"]
[WhiteTeamCountry "GER"]
[BlackTeamCountry "GER"]

1. e4 c5 2. d4 cxd4 3. c3 dxc3 4. Nxc3 e6 5. Nf3 a6 6. Bc4 Nc6 7. 0-0 Nge7 8. Bg5 f6 9. Be3 Ng6 10. Rc1 b5 11. Bb3 Bb7 12. Re1 Na5 13. Nd5 Bxd5 14. exd5 Nxb3 15. Qxb3 e5 16. Red1 Bd6 17. Bc5 Bxc5 18. Rxc5 d6 19. Rc6 Ne7 20. Rxa6 0-0 21. Qxb5 Rb8 22. Qe2 f5 23. a3 Rb3 24. Nxe5 Qc8 25. Rxd6 Qb8 26. Nc4 Ng6 27. Qe6+ Kh8 28. Rb6 Rxb6 29. Qxb6 Qf4 30. Ne3 Qg5 31. d6 f4 32. d7 fxe3 33. d8Q exf2+ 34. Kf1 1-0

[Event "Oberliga Ost-B 0910"]
[Site "Germany"]
[Date "2009.11.29"]
[Round "4.4"]
[White "Kirschbaum, Gunnar"]
[Black "Rasch, Holger"]
[Result "1-0"]
[WhiteElo "2160"]
[BlackElo "2282"]
[PlyCount "81"]
[EventDate "2009.10.18"]
[EventType "team-tourn"]
[EventRounds "11"]
[EventCountry "GER"]
[SourceTitle "EXT 2011"]
[Source "ChessBase"]
[SourceDate "2010.11.26"]
[SourceVersion "1"]
[SourceVersionDate "2010.11.26"]
[SourceQuality "1"]
[WhiteTeam "Erfurt Medizin"]
[BlackTeam "Steinbach"]
[WhiteTeamCountry "GER"]
[BlackTeamCountry "GER"]

1. d4 d5 2. c4 e6 3. Nc3 Nf6 4. Bg5 Be7 5. Nf3 c6 6. cxd5 exd5 7. Qc2 0-0 8. e3 Nbd7 9. Bd3 Re8 10. 0-0 Nf8 11. Rab1 Be6 12. b4 Rc8 13. Na4 N6d7 14. Bxe7 Qxe7 15. Nc5 b6 16. Nxd7 Bxd7 17. Ne5 g6 18. Qa4 Rc7 19. Rfc1 Qd6 20. Rc3 f6 21. Nxd7 Nxd7 22. Rbc1 Rec8 23. Qc2 Nb8 24. a3 Kg7 25. g3 a6 26. Qb3 b5 27. a4 Rb7 28. axb5 axb5 29. Ra1 Nd7 30. Ra6 Rcc7 31. Qc2 Nb6 32. Rc5 f5 33. Qc1 Qd7 34. Bxb5 Qe7 35. Rxc6 Nc4 36. Bxc4 dxc4 37. Qxc4 Rxc6 38. Rxc6 Rxb4 39. Rc7 Kh6 40. Rxe7 Rxc4 41. h4 1-0